00000000nam##2200000za#4500
0019.581117
003CaOODSP
00520210624191350
007cr |||||||||||
008150406|2009||||xxc|||||o    f|0| 0 eng|d
022 |a1701-1280
040 |aCaOODSP|beng
043 |an-cn---
0861 |aFs70-4/2009-053E-PDF
1101 |aCanada. |bDepartment of Fisheries and Oceans.
24510|aProceedings of the meeting of the Newfoundland and Labrador Regional Advisory Process (RAP) on snow crab and Iceland scallop : |h[electronic resource]|bFebruary 17-21, 2009, St John's, NL / |cMeeting Chairperson: Dr. Geoff Veinott; Rapporteur: Dr. G. P. Ennis.
260 |aSt. John's - Newfoundland and Labrador : |bFisheries and Oceans Canada |cFebruary 2010.
300 |a34p.|breferences
4901 |aCanadian Science Advisory Secretariat proceedings series|x1701-1280|v2009/053
590 |a14-20-Supp|b2014-11-25
830#0|aProceedings series (Canadian Science Advisory Secretariat)|x1701-1280|v2009/053|w(CaOODSP)9.506483
85640|ahttp://publications.gc.ca|qPDF|s133 KB|uhttps://publications.gc.ca/collections/collection_2014/mpo-dfo/Fs70-4-2009-053-eng.pdf|y2009/053